000 00648nam a2200217Ia 4500
008 101110s9999 xx 000 0 und d
041 _aENGLISH
082 _bSR32470
100 _aRaghuraman K.,Prabhu D.V. & etc
245 _aBasic principles in physical and analytical chemistry S.Y.BSc
260 _c2009
_bSheth Publishers,Mumbai
300 _a243
365 _b85
520 _aChemistry
546 _aENGLISH
630 _aBasic principles in physical and analytical chemistry S.Y.BSc
650 _aChemistry
655 _aChemistry
730 _aBasic principles in physical and analytical chemistry S.Y.BSc
942 _cBOOK
999 _c824972
_d824969